000 00456pab a2200157 454500
008 180718b2012 xxu||||| |||| 00| 0 eng d
100 _aElgie, Robert
245 _aExogenous political institutions? Constitutional choice in post independence francophone sub-Saharan Africa
260 _c2012
300 _ap.771-783.
362 _aDec
650 _aPolitical institutions
773 _aPolitical Research Quarterly
908 _aN
909 _a102321
999 _c102319
_d102319